000 00594nam a2200241Ia 4500
003 OSt
005 20220924121041.0
006 a|||||r|||| 00| 0
007 ta
008 220923b |||||||| |||| 00| 0 ben d
024 _a292903
037 _cTextual
040 _aARTS
_cARTS
_bben
041 _2ben
_aben
082 _aO157,1M582,1, L4
100 _aKaikobad
_9184108
245 0 _aMohashashan
260 _aDhaka
_c1993
300 _a347p.
_ccm.
650 _aBENGALI LITERATURE
942 _hO157,1M582,1, L4
_cTEXL
_2CC
999 _c405620
_d405620